00485nam a22001457a 4500020001800000082001600018100002700034245005700061260003300118300000800151650001900159942000700178952013700185999001700322 a9789353282561 a954.052 KAN aKancha, Iliah Shepherd aBuffalo Nationalism: A Critique of Spiritual Fascism aNew DelhibSAGE Publications a228 aHistory-Indian cBK 001040708NFICaHMIbHMIcGENd2020-09-15eDasgupta Publishers, Kolkatag595.00l0o954.052 KANp25817r2020-09-25w2020-09-25yBK c23128d23128